|
|
|
|
| LEADER |
00000nam a22000007a 4500 |
| 005 |
2021022403553.0 |
| 007 |
cr|||| |||| |
| 008 |
210224s2013 us |||||s|||| 00||0 eng d |
| 020 |
|
|
|a 9781614388302
|
| 035 |
|
|
|a 31218
|
| 040 |
|
|
|a vLex
|
| 090 |
|
|
|c 11247
|d 11247
|
| 100 |
1 |
|
|a Spector, Bert
|
| 245 |
1 |
0 |
|a ABA Fundamentals
|h [Recurso electrn̤ico] :
|b Understanding Your Business Clients /
|c Bert Spector
|
| 256 |
|
|
|a Servicio en ln̕ea
|
| 260 |
|
|
|a Chicago:
|b American Bar Association,
|c 2013
|
| 300 |
|
|
|a 1 recurso electrn̤ico
|
| 500 |
|
|
|a This handy reference is your guided tour through the world of corporate clients, offered from a business perspective rather than a legal one.
|
| 506 |
1 |
|
|a Disponible solo en los productos indicados
|d vLex Global
|d vLex Global (Academic Edition, excluding Law Schools)
|d vLex Global (Academic Edition, Law Schools)
|
| 650 |
0 |
4 |
|a Derecho Mercantil y de la Empresa
|z Estados Unidos
|
| 650 |
0 |
4 |
|a Comercio
|z Estados Unidos
|
| 740 |
0 |
|
|a vLex Libros (Servicio en ln̕ea)
|
| 856 |
4 |
0 |
|u http://vlex.com/source/aba-fundamentals-understanding-your-business-clients-31218
|z Acceso restringido
|
| 942 |
|
|
|c BOOK
|
| 999 |
0 |
|
|a Commercial and Company Law
|
| 999 |
0 |
|
|a Trade
|